000 00960cam a22002893a 4500
001 16951
003 PGUSA
005 20140828083348.0
008 051027s2005||||xxu|||||s|||||000 | eng d
040 _aPGUSA
_beng
042 _adc
050 4 _aDA
100 1 _aEdgeworth, Maria,
_d1767-1849
245 1 0 _aRichard Lovell Edgeworth :
_bA Selection From His Memoirs
_h[electronic resource] /
_cMaria Edgeworth
260 _bProject Gutenberg,
_c2005
506 _aPublic domain in the USA.
516 _aElectronic text
653 _aIntellectuals -- Ireland -- Biography
653 _aEdgeworth, Richard Lovell, 1744-1817
653 _aAuthors, English -- 18th century -- Biography
653 _aLandowners -- Ireland -- Biography
653 _aIreland -- History -- 18th century -- Biography
700 1 _aTollemache, Beatrix L.,
_d-1926
830 0 _aProject Gutenberg
_v16951
856 4 0 _uhttp://www.gutenberg.org/ebooks/16951
942 _cEB
999 _c246206
_d246206